NBA 2018-19 Players By Letter - H - Statistics

General Stats
  • This quiz has been taken 45 times
  • The average score is 12 of 36
Answer Stats
Player Pos Tm % Correct
James Harden SG HOU
76%
Devin Harris PG DAL
71%
Gary Harris SG DEN
71%
Joe Harris SG BRK
71%
Tobias Harris PF LAC
71%
Al Horford C BOS
58%
Josh Hart SG LAL
53%
Dwight Howard C WAS
50%
George Hill PG MIL
50%
Solomon Hill SF NOP
50%
Gordon Hayward SF BOS
47%
Aaron Holiday PG IND
39%
Jrue Holiday SG NOP
39%
Justin Holiday SG MEM
39%
Udonis Haslem C MIA
39%
Andrew Harrison SG NOP
37%
Shaquille Harrison PG CHI
37%
Tim Hardaway SG NYK
34%
Buddy Hield SG SAC
29%
Kevin Huerter SG ATL
26%
Maurice Harkless SF POR
24%
Montrezl Harrell C LAC
24%
Rodney Hood SG CLE
21%
Juan Hernangomez PF DEN
18%
Willy Hernangomez C CHO
18%
Daniel Hamilton SG ATL
16%
Isaiah Hartenstein PF HOU
16%
Danuel House SF HOU
11%
Richaun Holmes C PHO
11%
Rondae Hollis-Jefferson SF BRK
8%
Haywood Highsmith SF PHI
5%
John Holland SF CLE
5%
Mario Hezonja SF NYK
5%
Nene Hilario C HOU
5%
Chandler Hutchison SF CHI
3%
John Henson C CLE
0%
No matching quizzes found
Score Distribution
Percent of People with Each Score
Percentile by Number Answered
Your Score History
You have not taken this quiz